000 01054cam a2200277 a 4500
005 20140903175024.0
008 140207s2012 enkbd frb 001 0 eng
020 _a9780415601115
040 _aCO-BoUCM
_bspa
_cJose A. Gerena
_dDiana Londoño
041 _aeng
245 0 0 _aArms control and missile proliferation in the Middle East
_ceditado por Bernd Kubbig, Sven-Eric Fikenscher
260 _aLondres (Inglaterra)
_bRoutledge
_c2012
300 _axxi, 335 páginas
_bmapas, cuadros
490 1 _aRoutledge global security studies
_v29
504 _aIncluye referencias bibliográficas
650 7 _924108
_aSeguridad nacional
650 7 _aArmas nucleares
_99357
650 7 _aDesarme nuclear
_912922
650 7 _aLa no proliferación de armas nucleares
_918232
690 _942753
_aCiencia militar
690 _942907
_aRelaciones internacionales
700 1 _aFikenscher, Sven-Eric.
_eeditor
_955047
700 1 _aKubbig, Bernd W.
_eeditor
_955046
942 _a6
_cLIBRO
_e1
_mA734
_2DEWEY
_h327.174
999 _c184509
_d184509